000 00352nam a2200157Ia 4500
003 OSt
005 20240426141650.0
008 230219s9999 xx 000 0 und d
020 _a9789350643648
082 _a8U1
_bGORS
100 _aGorakhpuri, Firak
245 0 _aSargam
260 _adelhi
_bRajpal & sons
_c2017
300 _a207
942 _cBK
_2ddc
999 _c1155
_d1155